[Event "111th ch-GBR 2025"]
[Site "Liverpool ENG"]
[Date "2025.08.03"]
[Round "2.13"]
[White "Makkar, Rajat"]
[Black "Pert, Max"]
[Result "1-0"]
[WhiteTitle "IM"]
[BlackTitle "FM"]
[WhiteElo "2406"]
[BlackElo "2263"]
[WhiteFideId "36016810"]
[BlackFideId "456845"]
[EventDate "2025.08.02"]

1. e4 e5 2. Nf3 Nc6 3. Bb5 a6 4. Ba4 Nf6 5. O-O d6 6. Re1 Bd7 7. c3 g6 8. d4 Bg7
9. h3 O-O 10. Bc2 Nh5 11. a4 Qe8 12. a5 f5 13. Ra3 Kh8 14. b4 fxe4 15. Bxe4 Qf7
16. d5 Ne7 17. c4 Nf4 18. Nc3 Bf6 19. Kh2 g5 20. Ng1 Qg7 21. g3 g4 22. gxf4 exf4
23. Nce2 Be5 24. Qd2 Rg8 25. Nxf4 Raf8 26. Ne2 Ng6 27. Bxg6 hxg6 28. hxg4 Qf6
29. Kg2 Bxg4 30. Rh1+ Kg7 31. Ne6+ Bxe6 32. Rh7+ Kxh7 33. Qh6# 1-0

[Event "111th ch-GBR 2025"]
[Site "Liverpool ENG"]
[Date "2025.08.03"]
[Round "2.28"]
[White "Verbytski, Oleg"]
[Black "Vijayakumar, Rishi"]
[Result "0-1"]
[BlackTitle "FM"]
[WhiteElo "2001"]
[BlackElo "2310"]
[WhiteFideId "495506"]
[BlackFideId "2408953"]
[EventDate "2025.08.02"]

1. e4 e5 2. Nf3 Nc6 3. Bc4 Nf6 4. d3 h6 5. c3 d6 6. a4 g6 7. Qb3 Qe7 8. a5 a6 9.
O-O Bg7 10. h3 O-O 11. Be3 Nd7 12. Re1 Qd8 13. d4 b5 14. axb6 Nxb6 15. Bf1 exd4
16. cxd4 a5 17. Nc3 Nb4 18. d5 Bd7 19. Bd4 Bxd4 20. Nxd4 Qf6 21. Ndb5 Rfc8 22.
Re3 c6 23. dxc6 Rxc6 24. Rf3 Qe7 25. Rxa5 Rxa5 26. Qxb4 Ra1 27. Nd4 Na4 28. Nd5
Rxf1+ 29. Kxf1 Rc1+ 30. Ke2 Qxe4+ 31. Ne3 Rb1 32. Nc2 Bb5+ 33. Qxb5 Nc3+ 0-1

[Event "111th ch-GBR 2025"]
[Site "Liverpool ENG"]
[Date "2025.08.03"]
[Round "2.38"]
[White "Malinovskii, Ilia"]
[Black "Badacsonyi, Frankie"]
[Result "0-1"]
[BlackTitle "FM"]
[WhiteElo "2075"]
[BlackElo "2193"]
[WhiteFideId "24146374"]
[BlackFideId "460400"]
[EventDate "2025.08.02"]

1. e4 e6 2. d4 d5 3. e5 c5 4. c3 Nc6 5. Nf3 Bd7 6. Be2 Nge7 7. O-O Ng6 8. g3 f6
9. Bd3 fxe5 10. Bxg6+ hxg6 11. dxe5 Be7 12. h4 O-O 13. Bf4 Rxf4 14. gxf4 Qf8 15.
Nbd2 Qxf4 16. Re1 Rf8 17. Qe2 Qg4+ 18. Kh1 Rf5 19. Nh2 Qxh4 20. Nf3 Qh5 21. b4
cxb4 22. Nd4 Nxd4 23. cxd4 Qh4 24. Qg4 Qxg4 25. Nxg4 Rf4 26. Rg1 Rxd4 27. Rg3
Bh4 28. Rg2 Bc6 29. Rag1 Rf4 30. f3 Rxf3 31. Nh6+ gxh6 32. Rxg6+ Kf7 33. Rxh6
Rh3+ 34. Kg2 Rg3+ 0-1

[Event "111th ch-GBR 2025"]
[Site "Liverpool ENG"]
[Date "2025.08.04"]
[Round "3.9"]
[White "Wadsworth, Matthew J"]
[Black "Hunt, Harriet V"]
[Result "1-0"]
[WhiteTitle "IM"]
[BlackTitle "IM"]
[WhiteElo "2483"]
[BlackElo "2294"]
[WhiteFideId "415804"]
[BlackFideId "403512"]
[EventDate "2025.08.02"]

1. d4 Nf6 2. c4 e6 3. Nc3 Bb4 4. e3 b6 5. Ne2 Ba6 6. Ng3 h5 7. h4 Bb7 8. Bd2 Nc6
9. Be2 Ne7 10. d5 exd5 11. cxd5 Nexd5 12. Nxd5 Bxd2+ 13. Qxd2 Bxd5 14. Nxh5 Bxg2
15. Rg1 Nxh5 16. Rxg2 Qxh4 17. O-O-O Qe7 18. Rg4 Nf6 19. Rxg7 O-O-O 20. Bc4 Rdf8
21. Qd4 Rh5 22. Kb1 Kb8 23. f3 Rc5 24. e4 Ne8 25. Rh7 Nd6 26. Bd5 Nb5 27. Qg7 c6
28. Qg3+ Nc7 29. Bb3 Kc8 30. Qg4 Re5 31. Bxf7 Rg5 32. Be8 Qxh7 33. Bxd7+ Kb7 34.
Qxg5 Rxf3 35. Qd8 Qxe4+ 36. Ka1 b5 37. Qc8+ Kb6 38. Qb8+ 1-0

[Event "111th ch-GBR 2025"]
[Site "Liverpool ENG"]
[Date "2025.08.04"]
[Round "3.47"]
[White "Jukes, Sam"]
[Black "Hryshchenko, Kamila"]
[Result "1/2-1/2"]
[BlackTitle "WFM"]
[WhiteElo "1972"]
[BlackElo "2097"]
[WhiteFideId "1803182"]
[BlackFideId "14147491"]
[EventDate "2025.08.02"]

1. e4 d6 2. d4 Nf6 3. Nc3 e5 4. dxe5 dxe5 5. Bg5 Qxd1+ 6. Rxd1 Bb4 7. Bc4 Be6 8.
Bxe6 fxe6 9. Ne2 Nbd7 10. f3 a6 11. Be3 Rg8 12. Nc1 g5 13. Nd3 Be7 14. g3 O-O-O
15. Ke2 Rdf8 16. Rdf1 b6 17. Rhg1 Kb7 18. a3 c5 19. f4 Ng4 20. Nxe5 Ndxe5 21.
fxe5 Nxe5 22. Rxf8 Rxf8 23. Rf1 Rxf1 24. Kxf1 Bf6 25. Nd1 g4 26. Nf2 Nc4 27. Bc1
Nxb2 28. Nxg4 Bg7 29. Ke2 b5 30. Nf2 Kc6 31. g4 a5 32. h4 a4 33. Nd3 b4 34. Bxb2
Bxb2 35. axb4 Bd4 36. bxc5 Bc3 37. g5 a3 38. Nc1 Kxc5 39. Kd3 Be5 40. h5 Bf4 41.
g6 hxg6 42. hxg6 Bxc1 43. g7 a2 44. g8=Q a1=Q 1/2-1/2

[Event "111th ch-GBR 2025"]
[Site "Liverpool ENG"]
[Date "2025.08.05"]
[Round "4.32"]
[White "Hobson, Kenneth"]
[Black "Yu, Rock"]
[Result "1-0"]
[WhiteTitle "FM"]
[WhiteElo "2361"]
[BlackElo "2107"]
[WhiteFideId "480819"]
[BlackFideId "489000"]
[EventDate "2025.08.02"]

1. e4 e6 2. d4 d5 3. Nc3 Nf6 4. Bg5 h6 5. Bxf6 Qxf6 6. exd5 Bb4 7. Bb5+ Bd7 8.
Bxd7+ Nxd7 9. dxe6 Qxe6+ 10. Ne2 Bxc3+ 11. bxc3 O-O 12. O-O Rfe8 13. Ng3 c5 14.
Qf3 b6 15. a4 Rac8 16. d5 Qf6 17. Qxf6 Nxf6 18. c4 Ne4 19. Nf5 Rcd8 20. Rfe1 Nd2
21. Rxe8+ Rxe8 22. Ne3 Kf8 23. Rd1 Ne4 24. f3 Nd6 25. Kf2 Ke7 26. Ke2 Kd7 27.
Kd3 h5 28. Nf1 Nf5 29. a5 Kc7 30. axb6+ axb6 31. Ra1 Kb7 32. Ng3 Nh4 33. Ne4 Rd8
34. Rg1 Ng6 35. Ng5 Rd7 36. Kc3 Nf4 37. Kb3 Ne2 38. Re1 Nd4+ 39. Kc3 Nf5 40. Re8
g6 41. Ne4 Kc7 42. g4 hxg4 43. fxg4 Nh6 44. Nf6 Rd6 45. g5 Nf5 46. Rf8 Rxf6 47.
gxf6 Nd6 48. Kd3 Kb7 49. Rd8 Kc7 50. Rxd6 Kxd6 51. Ke4 1-0

[Event "111th ch-GBR 2025"]
[Site "Liverpool ENG"]
[Date "2025.08.06"]
[Round "5.47"]
[White "Carpenter, Paul A"]
[Black "Patel, Zain"]
[Result "0-1"]
[WhiteElo "1922"]
[BlackElo "2048"]
[WhiteFideId "408930"]
[BlackFideId "469246"]
[EventDate "2025.08.02"]

1. b3 e5 2. Bb2 Nc6 3. e3 d5 4. Bb5 Ne7 5. Bxe5 a6 6. Bxc6+ Nxc6 7. Bb2 Qg5 8.
Kf1 Bg4 9. Nf3 Qh5 10. d3 O-O-O 11. Nbd2 Bb4 12. Qc1 Rd6 13. h3 Rg6 14. Ke2
Bxf3+ 15. gxf3 Re8 16. Rg1 d4 17. e4 Ne5 18. Rxg6 Bxd2 19. Qh1 fxg6 20. Kxd2
Nxf3+ 21. Ke2 Rf8 22. Kf1 Qg5 23. Bc1 Qa5 24. Kg2 Qc3 25. Ba3 Rf4 26. Qc1 g5 27.
Bb2 Qc6 28. Qxf4 gxf4 29. Kxf3 Qxc2 30. Ba3 g5 31. e5 Qxd3+ 32. Kg4 Qe4 33. Kxg5
Qxe5+ 34. Kg4 Qe2+ 35. Kxf4 Qxf2+ 36. Ke4 Qe3+ 37. Kd5 c6+ 38. Kd6 Kd8 39. Kc5
Qc3+ 40. Kd6 Qxa1 0-1

[Event "111th ch-GBR 2025"]
[Site "Liverpool ENG"]
[Date "2025.08.07"]
[Round "6.24"]
[White "Adams, Henry"]
[Black "Pert, Max"]
[Result "1-0"]
[BlackTitle "FM"]
[WhiteElo "2114"]
[BlackElo "2263"]
[WhiteFideId "464562"]
[BlackFideId "456845"]
[EventDate "2025.08.02"]

1. d4 d5 2. c4 e6 3. g3 Nf6 4. Bg2 Be7 5. Nf3 Ne4 6. O-O f5 7. Nc3 c6 8. Ne1 O-O
9. Nxe4 fxe4 10. f3 exf3 11. Nxf3 Bf6 12. Qc2 c5 13. dxc5 d4 14. Nd2 Be7 15.
Rxf8+ Qxf8 16. Ne4 Bxc5 17. Nxc5 Qxc5 18. e3 Nc6 19. Qd3 e5 20. Be4 g6 21. exd4
Nxd4 22. Be3 Be6 23. Bxd4 Qxd4+ 24. Qxd4 exd4 25. b3 Rd8 26. Bxb7 Bg4 27. Bd5+
Kg7 28. h3 Be2 29. Kf2 d3 30. Ke3 Re8+ 31. Kd2 Kf6 32. Re1 Re5 33. Bg2 Rg5 34.
g4 h5 35. Bf1 hxg4 36. Bxe2 dxe2 37. hxg4 Rxg4 38. Rxe2 a5 39. Kd3 Rg1 40. c5
Rc1 41. Rc2 Rd1+ 42. Kc4 Ke5 43. Kb5 Rd8 44. c6 Kd5 1-0

[Event "111th ch-GBR 2025"]
[Site "Liverpool ENG"]
[Date "2025.08.08"]
[Round "7.2"]
[White "Han, Yichen"]
[Black "Vitiugov, Nikita"]
[Result "1/2-1/2"]
[WhiteTitle "IM"]
[BlackTitle "GM"]
[WhiteElo "2430"]
[BlackElo "2676"]
[WhiteFideId "1054430"]
[BlackFideId "4152956"]
[EventDate "2025.08.02"]

1. d4 Nf6 2. c4 e6 3. Nc3 Bb4 4. Qc2 d6 5. e3 O-O 6. Bd3 e5 7. Ne2 c6 8. dxe5
dxe5 9. a3 Be7 10. O-O a5 11. Rd1 Qc7 12. Ng3 Na6 13. Na4 Nc5 14. Nxc5 Bxc5 15.
b3 h5 16. h3 h4 17. Nf5 Re8 18. Be4 Bxf5 19. Bxf5 g6 20. Be4 Rad8 21. Bb2 Rxd1+
22. Rxd1 Qe7 23. a4 Kg7 24. Qb1 Kh6 25. Qc2 Nh7 26. Qd2 Bb4 27. Qe2 f5 28. Bc2
Nf6 29. Qd3 Kg7 30. Bb1 Kf7 31. Qe2 Qe6 32. Qd3 Qe7 33. Qe2 Kf8 34. Ba1 Kg7 35.
Bc2 Kg8 36. Bb1 Kf7 37. Bc2 Qe6 38. Qd3 Qe7 39. Qe2 Kg7 40. Bb1 Qc7 41. Qd3 Re7
42. Qe2 Qc8 43. Bc2 Qe6 44. Qd3 Rd7 45. Qe2 Rd6 46. Rxd6 Qxd6 47. Qd3 Qe7 48.
Qd1 Kf7 49. Kf1 Ke6 50. Bb2 Qd6 51. Qxd6+ Bxd6 52. Ke2 Bb4 53. g3 hxg3 54. fxg3
g5 55. e4 f4 56. gxf4 exf4 57. Kf3 Nd7 58. h4 gxh4 59. Kxf4 Be1 60. Bd1 Bg3+ 61.
Ke3 Kd6 62. Bg4 Nc5 63. Ba3 Be5 64. Kf3 Bc3 65. Bxc5+ Kxc5 66. Bc8 Be5 67. Kg4 1/2-1/2

[Event "111th ch-GBR 2025"]
[Site "Liverpool ENG"]
[Date "2025.08.10"]
[Round "9.21"]
[White "Sivanandan, Bodhana"]
[Black "Wells, Peter K"]
[Result "1-0"]
[WhiteTitle "WFM"]
[BlackTitle "GM"]
[WhiteElo "2216"]
[BlackElo "2339"]
[WhiteFideId "497592"]
[BlackFideId "400327"]
[EventDate "2025.08.02"]

1. e4 c5 2. Nf3 d6 3. Bb5+ Nd7 4. O-O Nf6 5. Re1 a6 6. Bf1 b6 7. d4 cxd4 8. Nxd4
Bb7 9. f3 e6 10. c4 Be7 11. Nc3 Rc8 12. Be3 O-O 13. Rc1 Re8 14. Qd2 Qc7 15. Red1
Qb8 16. Na4 Bd8 17. Kh1 Bc7 18. g3 Ne5 19. Bg2 d5 20. cxd5 exd5 21. exd5 Nxd5
22. Bg1 Qa8 23. b3 h5 24. Nf5 Nxf3 25. Qf2 Nf6 26. Rxc7 Rxc7 27. Nxb6 Qb8 28.
Bxf3 Rc2 29. Qf1 Ne4 30. Nd5 Nd2 31. Qd3 Nxf3 32. Qxc2 Qe5 33. Nfe3 Nd4 34. Qg2
Ba8 35. Bf2 Rd8 36. h3 Rxd5 37. Nc4 Nf3 38. Rf1 Qe6 39. Nb6 Nd2 40. Re1 Qc6 1-0